000 00686nam a2200205Ii 4500
001 20045
003 CO-ViMGA
008 241108s9999||||xx |||||||||||||| ||und||
040 _aCO-ViMGA
_bspa
_erda
_cCO-ViMGA
041 0 _aspa
082 0 4 _a363.4509861 R25e
100 1 _aWilliam C. Rempel
_952655
245 1 0 _aEn la boca del lobo :
_bla historia jamás contada del hombre que hizo caer el cartel de Cali
264 1 _aBogotá, Colombia : Grijalbo, [Fecha de publicación no identificada]
300 _avolumen
336 _atext
_btxt
_2rdacontent
337 _aunmediated
_bn
_2rdamedia
338 _avolume
_bnc
_2rdacarrier
940 _aidficha_siabuc: 19700. -- ficha_no_siabuc:20045
999 _c47452
_d47452